000 00329nam a22001337a 4500
008 250506b |||||||| |||| 00| 0 eng d
020 _a0435994018
050 _aAJ1949
_b.A44
100 _aAlHakim Tewfik
245 _aFate Of a Cockroach
260 _aNairobi
_bHeinemann Educational books
_c1991
300 _a184p.
942 _cBK
999 _c3313
_d3313